Central Library OPAC University of Rajshahi

শোণিতে সমুদ্রপাত / (Record no. 49059)

MARC details
000 -LEADER
fixed length control field 00798nam a2200229 a 4500
001 - CONTROL NUMBER
control field 49059
003 - CONTROL NUMBER IDENTIFIER
rucl marc code BD-RjUL
005 - DATE AND TIME OF LATEST TRANSACTION
control field 20211209054628.0
008 - FIXED-LENGTH DATA ELEMENTS--GENERAL INFORMATION
fixed length control field 160817s1972 bg ||||| |||| 00| 0 ben d
020 ## - INTERNATIONAL STANDARD BOOK NUMBER
Terms of availability : Tk.3.50
035 ## - SYSTEM CONTROL NUMBER
System control number (BD-RjUL)49178
040 ## - CATALOGING SOURCE
Original cataloging agency BD-RjUL
Language of cataloging ben
Transcribing agency BD-RjUL
Modifying agency BD-RjUL
041 ## - LANGUAGE CODE
Language code of text/sound track or separate title ben
082 ## - DEWEY DECIMAL CLASSIFICATION NUMBER
Edition number 23
Classification number 891.441
Author mark and year HUS 1972
100 ## - MAIN ENTRY--PERSONAL NAME
Personal name হুদা, মূহম্মদ নূরুল
9 (RLIN) 147604
245 10 - TITLE STATEMENT
Title শোণিতে সমুদ্রপাত /
Statement of responsibility, etc. মূহম্মদ নূরুল হুদা
260 ## - PUBLICATION, DISTRIBUTION, ETC. (IMPRINT)
Place of publication, distribution, etc. ঢাকা :
Name of publisher, distributor, etc. শব্দরুপ প্রকাশনী,
Date of publication, distribution, etc. ১৯৭২
300 ## - PHYSICAL DESCRIPTION
Pagination ৬৪ পৃ. ;
Size ২১ সেমি.
650 ## - SUBJECT ADDED ENTRY--TOPICAL TERM
Topical term or geographic name as entry element বাংলা কবিতা
9 (RLIN) 147605
Topical term or geographic name as entry element Bengali poetry
9 (RLIN) 147606
942 ## - ADDED ENTRY ELEMENTS (KOHA)
Source of classification or shelving scheme Dewey Decimal Classification
Koha item type Books
Holdings
Lost status Source of classification or shelving scheme Damaged status Not for loan Collection code Permanent Location Current Location Shelving location Date acquired Source of acquisition Cost, normal purchase price Total Checkouts Full call number Date last seen Copy number Koha item type
  Dewey Decimal Classification     Non-fiction Central Library, University of Rajshahi Central Library, University of Rajshahi   08/09/1973 Nowroze kitobistan 3.50   B 891.441 HUS 1972 17/08/2016 C-2 Books